Regulatory reform in road freight and retail distribution

Gespeichert in:
Bibliographische Detailangaben
1. Verfasser: Boylaud, Olivier
Format: Buch
Sprache:Englisch
Veröffentlicht: Paris OECD-Economics Department 2000
Schriftenreihe:Working papers no. 255
Schlagworte:
Tags: Tag hinzufügen
Keine Tags, Fügen Sie das erste Tag hinzu!

MARC

LEADER 00000nam a2200000 4500
001 c124059
005 20221221084724.8
041 0 |a eng 
044 |a FR 
245 1 0 |a Regulatory reform in road freight and retail distribution  |c by Olivier Boylaud 
264 1 |a Paris  |b OECD-Economics Department  |c 2000 
300 |a 63 s. 
490 1 |a Working papers  |v no. 255 
830 0 |a Working papers  |v no. 255 
610 2 0 |a reformy 
610 2 0 |a regulácia 
610 2 0 |a doprava nákladná 
610 2 0 |a distribúcia 
610 2 0 |a maloobchod 
610 2 0 |a liberalizácia 
610 2 0 |a OECD 
100 1 |a Boylaud, Olivier